[Event "Benidorm op U2000 11th"]
[Site "Benidorm"]
[Date "2012.12.06"]
[Round "8"]
[White "Real Masdeu, Albert"]
[Black "Gomez Lopez, Pedro"]
[Result "1/2-1/2"]
[WhiteElo "1974"]
[BlackElo "1880"]
[PlyCount "43"]
[EventDate "2012.11.30"]
[EventType "swiss"]
[EventRounds "10"]
[EventCountry "ESP"]
[SourceTitle "EXT 2014"]
[Source "ChessBase"]
[SourceDate "2013.11.20"]
[SourceVersion "1"]
[SourceVersionDate "2013.11.20"]
[SourceQuality "1"]

1. Nf3 Nf6 2. d4 d5 3. c4 c6 4. Nc3 e6 5. Bg5 Nbd7 6. e3 Qa5 7. cxd5 exd5 8. Bd3 Ne4 9. 0-0 Nxg5 10. Nxg5 Nf6 11. e4 dxe4 12. Ncxe4 Nxe4 13. Nxe4 Be7 14. Re1 Be6 15. Qc2 Qh5 16. Nc5 Bxc5 17. dxc5 0-0 18. Re3 Rad8 19. Rae1 g6 20. Re5 Qh4 21. R5e4 Qf6 22. R4e3 1/2-1/2

[Event "Valencia Autonomico Sur-A"]
[Site "Valencia"]
[Date "2009.01.24"]
[Round "3.7"]
[White "Gomez Lopez, Pedro"]
[Black "Escalona Moncholi, Felix"]
[Result "0-1"]
[WhiteElo "1926"]
[BlackElo "1874"]
[PlyCount "84"]
[EventDate "2009.01.10"]
[EventType "team-tourn"]
[EventRounds "5"]
[EventCountry "ESP"]
[SourceTitle "EXT 2011"]
[Source "ChessBase"]
[SourceDate "2010.11.26"]
[SourceVersion "1"]
[SourceVersionDate "2010.11.26"]
[SourceQuality "1"]

1. e4 c5 2. c3 Nf6 3. e5 Nd5 4. d4 cxd4 5. Nf3 Nc6 6. cxd4 d6 7. Be2 Bf5 8. a3 e6 9. 0-0 Be7 10. Nc3 Nxc3 11. bxc3 dxe5 12. Bb5 Bg4 13. h3 Bxf3 14. Qxf3 0-0 15. Bxc6 bxc6 16. dxe5 Qd5 17. Qe2 Rfd8 18. Bb2 Qd2 19. Rfe1 Rab8 20. Qxd2 Rxd2 21. Bc1 Rc2 22. Be3 Rxc3 23. Bxa7 Ra8 24. Bd4 Rcxa3 25. Rxa3 Rxa3 26. Rc1 Ra6 27. Kf1 g6 28. Ke2 Kf8 29. g3 Ke8 30. Ra1 Rxa1 31. Bxa1 Bc5 32. f4 Kd7 33. g4 Bg1 34. Kf3 c5 35. Ke4 Kc6 36. h4 h5 37. f5 Bf2 38. fxg6 fxg6 39. gxh5 gxh5 40. Bc3 Bxh4 41. Kf3 Kd5 42. Kf4 Bf2 0-1

[Event "Benidorm op U2000 06th"]
[Site "Benidorm"]
[Date "2007.??.??"]
[Round "6"]
[White "Gomez Lopez, Pedro"]
[Black "Carcel Valero, Juan Antonio"]
[Result "0-1"]
[WhiteElo "1960"]
[BlackElo "1855"]
[PlyCount "46"]
[EventDate "2007.11.??"]
[EventType "swiss"]
[EventRounds "9"]
[EventCountry "ESP"]
[SourceTitle "EXT 2010"]
[Source "ChessBase"]
[SourceDate "2010.11.25"]
[SourceVersion "1"]
[SourceVersionDate "2010.11.25"]
[SourceQuality "1"]

1. e4 e5 2. d4 exd4 3. c3 dxc3 4. Bc4 d6 5. Nxc3 Nd7 6. Nf3 Ngf6 7. Qb3 Qe7 8. 0-0 Nc5 9. Qd1 Be6 10. Nd5 Qd8 11. Ng5 Be7 12. b4 Ncxe4 13. Nxe6 fxe6 14. Nxe7 Qxe7 15. Re1 d5 16. Bb3 0-0 17. Qd4 Qf7 18. f3 Nd6 19. Bg5 a5 20. bxa5 Rxa5 21. Qd2 Raa8 22. Bxf6 Qxf6 23. Rxe6 Qxa1+ 0-1

[Event "Benidorm op U2000 06th"]
[Site "Benidorm"]
[Date "2007.??.??"]
[Round "5"]
[White "Velasco Gomez, Esperanza"]
[Black "Gomez Lopez, Pedro"]
[Result "0-1"]
[WhiteElo "1880"]
[BlackElo "1960"]
[PlyCount "52"]
[EventDate "2007.11.??"]
[EventType "swiss"]
[EventRounds "9"]
[EventCountry "ESP"]
[SourceTitle "EXT 2010"]
[Source "ChessBase"]
[SourceDate "2010.11.25"]
[SourceVersion "1"]
[SourceVersionDate "2010.11.25"]
[SourceQuality "1"]

1. e4 e6 2. d4 d5 3. e5 c5 4. c3 Nc6 5. Nf3 Nge7 6. Bd3 cxd4 7. cxd4 Nf5 8. Bxf5 exf5 9. 0-0 Be7 10. Nc3 Be6 11. Ne1 0-0 12. f4 Rc8 13. a3 Nxd4 14. Be3 Nc6 15. Nc2 d4 16. Nxd4 Bc5 17. Nc2 Bxe3+ 18. Nxe3 Qb6 19. Qe2 Bc4 20. Qf2 Bxf1 21. Rxf1 Rfd8 22. h3 Ne7 23. Kh2 Rd3 24. Rd1 Qxe3 25. Qh4 Rcxc3 26. bxc3 Rxd1 0-1